000 00437nam a2200181Ia 4500
005 20250423094925.0
008 250422s9999 xx 000 0 und d
020 _a9780136067054
050 _aQA 76.76.C65 .F57/
100 _aFischer, Charles N.
245 0 _aCrafting a compiler
260 _aBoston
260 _bAddison-Wesley
260 _c 2010
300 _a683 p
650 _aCompilers (Computer programs)
942 _cBK
999 _c28704
_d28704